000 01417nam0a2200325 4500
001 RU\NLR\BIBL_A\012667279
005 20250624110647.0
010 _a978-5-907232-77-8
_9250
021 _aRU
_b2021-55321
_9КН-П-4326
035 _a(NLR Aleph) 012667279
090 _a12774434
_c12774434
100 _a20211216d2021 |||y0rusy50 ca
101 0 _arus
102 _aRU
105 _ay|||z|||000ay
181 0 _ai4
_baxxe
182 0 _an
200 1 _aЗаноза
_eсборник рассказов
_fТатьяна Кырова
203 _aТекст
_bвизуальный
_cнепосредственный
210 _aКрасноярск
_cЛИТЕРА-принт
_d2021
215 _a177 с.
_d20
300 _aНа 4-й с. обл. авт.: Т. Кырова, лауреат премии им. И. Рождественского, лауреат премии Лит. газеты "Под знаком Куприна"
327 0 _aСодерж.: Птица Стужа; Советская Пасха; Безмятежность; Заноза; Яблоки; Маленькая весна; Спелеологи; Дом; Тайга шумела; Ничья [и др.]
686 2 _aШ6(2=Р)8-440.5
700 1 _aКырова
_bТ. М.
_gТатьяна Михайловна
942 _cBOOK
980 _aNB